Дело о приёме денег на содержание служащих в Дирекции из Кабинета его величества и Остаточного казначейства

Доступно только в Электронных читальных залах Найти на картеНа карте
RUSMARC
00006376nmc2a22000003x 450
001e4956884-2e26-4676-beaf-47b6a6ba7729
00520190611095703.0
100##$a20161025l18061806k l0rusy0189 ca
1010#$arus
102##$aRU
2001#$aДело о приёме денег на содержание служащих в Дирекции из Кабинета его величества и Остаточного казначейства
$j3 января - 21 декабря 1806 г.
251##$cДело
300##$aДело
300##$aОриг. заголовок дела: Рапорты казначея Альбрехта о принятых в Дирекцию из казначейства сумм на жалованье и прочие расходы. 3 января 1806 г. - 21 декабря 1806 г
801#0$aRU
$bРГИА
$c20161025
$gRCR
801#1$aRU
$bГлавНИВЦ
$c20161025
$2rusmarc
801#2$aRU
$bПБ им. Б.Н. Ельцина
$c20180928
$gRCR
$2rusmarc
850##$aРГИА
852##$aРГИА
$eФедеральное казенное учреждение "Российский государственный исторический архив" (РГИА)
$j105
937##$hРГИА
$d12233923
$aASBIBLIO_SCAN
462#0$1001dd3991dc-24e1-42ec-8838-ca4255420416
$12001
$a1746-1850 гг.
$1251
$cОпись
$1852
$j1
461#0$10019264ebf8-de62-4f1a-9eb4-9f22098dbbd5
$12001
$aДирекция императорских театров МИДв
$1251
$cФонд
$1852
$j497
215##$a32 л.
$d36,5х26 см
371##$aДокумент не является опубликованным и широко распространяемым
5171#$aРапорты казначея Альбрехта о принятых в Дирекцию из казначейства сумм на жалованье и прочие расходы. 3 января 1806 г. - 21 декабря 1806 г
105##$ay###
1222#$ad
035##$ae4956884-2e26-4676-beaf-47b6a6ba7729
856##$uhttp://readingroom.main.prlib.ru/item.aspx?id_node=n118713105&mode=full
60101$2prlib_sh
$3LIBNET\UAF\0000083360
$aРоссия
$bГосударственное казначейство
$xИстория
$jДокументы и материалы
60101$2prlib_sh
$3LIBNET\UAF\0000080151
$aРоссия
$bДирекция императорских театров
$xДеятельность
$jДокументы и материалы
600#0$2nlr_sh
$3RU\NLR\AUTH\6620141
$aАлександр
$dI
$cимператор российский
$f1777 - 1825
$jДокументы и материалы
6061#$2nlr_sh1
$3RU\NLR\AUTH\661073460
$aТеатральные работники
$xОплата труда
$jДокументы и материалы
605##$2acquisition_Prlib
$3DITM\AF\0000002775
$aВласть
$lколлекция
605##$2acquisition_Prlib
$3LIBNET\UAF\0000080478
$aГод театра в России
$lколлекция
605##$2acquisition_Prlib
$3DITM\AF\0000004166
$aРоссия в лицах
$lколлекция
686##$2rubbk
$a63.3(2)521.1-7
$vLBC/M
686##$2rubbk
$a85.33
$vLBC/M
Формат отображения